Loading...
| History - American | 0 | 8 | 0 | 0 | 80 | 72 | 93.50 | 4 | 7 | 17.83 | 53.03 |
| History - European | 0 | 7 | 0 | 1 | 70 | 40 | 92.29 | 3 | 5 | 21.11 | 45.45 |
| History - Other | 0 | 5 | 0 | 0 | 50 | 110 | 122.80 | 0 | 4 | 3.71 | 27.27 |
| History - World | 0 | 3 | 0 | 0 | 30 | 96 | 108.00 | 0 | 2 | 4.71 | 16.67 |
| Current Events | 0 | 2 | 0 | 0 | 20 | 65 | 87.00 | 1 | 2 | 19.07 | 50.00 |
| Literature - British | 0 | 2 | 0 | 0 | 20 | 144 | 145.50 | 0 | 2 | -0.06 | 3.03 |
| Fine Arts - Painting and Sculpture | 0 | 2 | 0 | 1 | 20 | 79 | 103.50 | 1 | 1 | 4.03 | 13.64 |
| Fine Arts - Other | 0 | 2 | 0 | 0 | 20 | 132 | 132.00 | 0 | 2 | 0.64 | 10.61 |
| Religion | 0 | 1 | 0 | 0 | 10 | 137 | 137.00 | 0 | 1 | 0.07 | 4.55 |
| Science - Biology | 0 | 1 | 0 | 0 | 10 | 90 | 90.00 | 1 | 1 | 2.38 | 9.09 |
| Social Science | 0 | 1 | 0 | 0 | 10 | 125 | 125.00 | 0 | 1 | -0.07 | 1.52 |
| Geography | 0 | 1 | 0 | 0 | 10 | 125 | 125.00 | 0 | 0 | 0.20 | 8.33 |
| Literature - European | 0 | 1 | 0 | 0 | 10 | 138 | 138.00 | 0 | 0 | 0.26 | 4.55 |
| Literature - World | 0 | 1 | 0 | 0 | 10 | 129 | 129.00 | 0 | 1 | 1.22 | 7.58 |
| Mythology | 0 | 1 | 0 | 0 | 10 | 108 | 108.00 | 0 | 1 | 1.11 | 6.06 |
| Other Academic | 0 | 1 | 0 | 0 | 10 | 125 | 125.00 | 0 | 1 | 18.30 | 66.67 |
| Philosophy | 0 | 1 | 0 | 0 | 10 | 101 | 101.00 | 0 | 1 | 2.29 | 6.06 |
| Pop Culture | 0 | 1 | 0 | 0 | 10 | 50 | 50.00 | 1 | 1 | 20.71 | 33.33 |